[Event "World Rapid 2019"]
[Site "Moscow RUS"]
[Date "2019.12.28"]
[Round "14.70"]
[White "Vishnu Prasanna, V"]
[Black "Ruck, Robert"]
[Result "1-0"]
[WhiteTitle "GM"]
[BlackTitle "GM"]
[WhiteElo "2493"]
[BlackElo "2530"]
[WhiteFideId "5030692"]
[BlackFideId "705713"]
[EventDate "2019.12.26"]

1. d4 Nf6 2. c4 e6 3. Nf3 d5 4. g3 dxc4 5. Bg2 a6 6. O-O Nc6 7. Nc3 Rb8 8. e4
Be7 9. Qe2 b5 10. Rd1 O-O 11. Bf4 Re8 12. a4 b4 13. d5 bxc3 14. dxc6 cxb2 15.
Rab1 Bd6 16. e5 Nd5 17. exd6 cxd6 18. Rxd5 exd5 19. c7 1-0

[Event "World Rapid 2019"]
[Site "Moscow RUS"]
[Date "2019.12.28"]
[Round "14.71"]
[White "Harsha, Bharathakoti"]
[Black "Triapishko, Alexandr"]
[Result "1-0"]
[WhiteTitle "GM"]
[BlackTitle "IM"]
[WhiteElo "2523"]
[BlackElo "2502"]
[WhiteFideId "5078776"]
[BlackFideId "14122286"]
[EventDate "2019.12.26"]

1. c4 e5 2. Nc3 Nf6 3. Nf3 Nc6 4. e3 Bb4 5. Qc2 Bxc3 6. bxc3 O-O 7. e4 d6 8. g3
Nd7 9. Bg2 Nb6 10. d3 f5 11. exf5 Bxf5 12. Ng5 h6 13. Ne4 Bg4 14. O-O Bf3 15.
Bxf3 Rxf3 16. Qe2 Rf7 17. Rb1 Qd7 18. c5 d5 19. cxb6 dxe4 20. Qxe4 axb6 21. Rb2
Qf5 22. Qxf5 Rxf5 23. Rd1 Ra4 24. Re2 Rf8 25. f4 exf4 26. Bxf4 Rf7 27. d4 g5 28.
Bc1 Re7 29. Rf2 Rf7 30. Re2 Re7 31. Rg2 Kh7 32. Rf2 Ra8 33. Rdf1 Rae8 34. Rf7+
Kg8 35. R7f6 Re6 36. Rxe6 Rxe6 37. d5 Re2 38. dxc6 bxc6 39. h4 gxh4 40. gxh4 Kg7
41. Bf4 Re7 42. h5 b5 43. Kf2 Re4 44. Rg1+ Kh7 45. Kf3 Re6 46. Bxc7 c5 47. Rg6
Rxg6 48. hxg6+ Kxg6 49. Ke4 Kf6 50. Kd5 1-0

[Event "World Rapid 2019"]
[Site "Moscow RUS"]
[Date "2019.12.28"]
[Round "14.72"]
[White "Mesropov, Konstantin"]
[Black "Frolyanov, Dmitry"]
[Result "1-0"]
[WhiteTitle "IM"]
[BlackTitle "GM"]
[WhiteElo "2422"]
[BlackElo "2556"]
[WhiteFideId "4116887"]
[BlackFideId "4151976"]
[EventDate "2019.12.26"]

1. d4 d5 2. Bf4 Nf6 3. e3 e6 4. Nd2 c5 5. c3 Nc6 6. Ngf3 Bd6 7. Bg3 O-O 8. Bb5
Be7 9. Bd3 b6 10. Ne5 Nxe5 11. dxe5 Nd7 12. O-O Bb7 13. e4 c4 14. Bc2 Nc5 15.
Qe2 b5 16. Rab1 d4 17. cxd4 Qxd4 18. Nf3 Qd7 19. Rfd1 Qc7 20. Nd4 a6 21. f4 Rfd8
22. Bf2 Rac8 23. Rd2 Qa5 24. f5 Bg5 25. Rdd1 exf5 26. exf5 Nd3 27. Bxd3 cxd3 28.
Rxd3 Qxa2 29. Rbd1 h6 30. h4 Bc1 31. f6 gxf6 32. Nf5 Rxd3 33. Rxd3 Kh8 34. Nd6
Rg8 35. Nxb7 Qxb2 36. Qxb2 Bxb2 37. exf6 Bxf6 38. Rd6 Be5 39. Rxh6+ Kg7 40. Rxa6
b4 41. Rb6 Ra8 42. g3 Bc3 43. Nd6 Ra1+ 44. Kg2 Rb1 45. Nf5+ Kh7 46. Bd4 1-0

[Event "World Rapid 2019"]
[Site "Moscow RUS"]
[Date "2019.12.28"]
[Round "14.74"]
[White "Sychev, Klementy"]
[Black "Studer, Noel"]
[Result "0-1"]
[WhiteTitle "GM"]
[BlackTitle "GM"]
[WhiteElo "2563"]
[BlackElo "2546"]
[WhiteFideId "4114060"]
[BlackFideId "1319620"]
[EventDate "2019.12.26"]

1. Nc3 d5 2. d4 Nf6 3. Bf4 e6 4. e3 Be7 5. Bd3 O-O 6. g4 Nfd7 7. Nb5 Na6 8. h4
c6 9. Nd6 Nb4 10. Be2 c5 11. c3 Nc6 12. Nxc8 Rxc8 13. Nf3 Re8 14. g5 Bf8 15. h5
cxd4 16. exd4 e5 17. Be3 exd4 18. Nxd4 Rxe3 19. fxe3 Qxg5 20. Qd2 Nc5 21. Bf3
Ne5 22. O-O-O Nc4 23. Qg2 Qxe3+ 24. Kb1 Na4 25. Rde1 Nxc3+ 26. Ka1 Qxd4 27. Qg4
Qb6 28. Rh2 Qa5 29. b4 Qd8 30. Qd4 Nb5 31. Qf4 Bd6 0-1

[Event "World Rapid 2019"]
[Site "Moscow RUS"]
[Date "2019.12.28"]
[Round "14.75"]
[White "Novikov, Stanislav"]
[Black "Yagupov, Igor"]
[Result "0-1"]
[WhiteTitle "GM"]
[BlackTitle "GM"]
[WhiteElo "2531"]
[BlackElo "2357"]
[WhiteFideId "4125371"]
[BlackFideId "4113632"]
[EventDate "2019.12.26"]

1. g3 d5 2. Bg2 c6 3. d3 e5 4. Nd2 Nf6 5. c3 Bd6 6. Qc2 O-O 7. Ngf3 Re8 8. e4
Bg4 9. O-O Nbd7 10. b3 Bf8 11. Re1 dxe4 12. dxe4 Nc5 13. Bf1 a5 14. Bb2 Qc7 15.
h3 Bh5 16. Kg2 Nfd7 17. a3 b5 18. Rac1 Qb7 19. Nh4 f6 20. Nf5 Rac8 21. Ne3 Nb6
22. b4 Nca4 23. Nb3 axb4 24. cxb4 Nxb2 25. Qxb2 Na4 26. Qb1 Bf7 27. Red1 Qb6 28.
Na5 c5 29. Nd5 Qa6 30. Rd2 c4 31. Qc2 Nb6 32. Nc3 Na8 33. Rcd1 Nc7 34. Be2 h5
35. Rd7 g6 36. R1d2 Ne6 37. Qd1 Nd4 38. R2xd4 exd4 39. Qxd4 Bg7 40. Rd6 Qa8 41.
Bf3 f5 42. e5 Bxe5 43. Bxa8 Bxd4 44. Rxd4 Rxa8 45. Nxb5 Red8 46. Nc6 Rxd4 47.
Ncxd4 Be8 48. Kf3 Bxb5 49. Nxb5 Rd8 50. Ke2 Rd3 51. h4 Kg7 52. a4 Rb3 53. Kd2
Rxb4 54. Nc3 Rb3 55. a5 Ra3 0-1

[Event "World Rapid 2019"]
[Site "Moscow RUS"]
[Date "2019.12.28"]
[Round "14.76"]
[White "Rychagov, Andrey"]
[Black "Dragnev, Valentin"]
[Result "1-0"]
[WhiteTitle "GM"]
[BlackTitle "GM"]
[WhiteElo "2545"]
[BlackElo "2553"]
[WhiteFideId "4119932"]
[BlackFideId "1634852"]
[EventDate "2019.12.26"]

1. d4 Nf6 2. c4 e6 3. Nf3 d5 4. Nc3 c5 5. cxd5 Nxd5 6. e3 cxd4 7. exd4 Nxc3 8.
bxc3 Qc7 9. Bd2 Nd7 10. Bd3 Bd6 11. Ng5 Nf6 12. Qf3 Bd7 13. Ne4 Nxe4 14. Bxe4
Rb8 15. Qh5 Bf4 16. Bxf4 Qxf4 17. Qf3 Qxf3 18. Bxf3 b5 19. Kd2 Ke7 20. Rhb1 Rhd8
21. Rb3 a5 22. Rab1 b4 23. Ke3 e5 24. cxb4 exd4+ 25. Kd2 Be6 26. R3b2 a4 27. a3
Rbc8 28. Rc1 Rxc1 29. Kxc1 Bb3 30. Re2+ Kf6 31. Re4 Rc8+ 32. Kd2 Rc2+ 33. Kd3
Ra2 34. Kxd4 Rxa3 35. b5 Bc2 36. Rf4+ Ke7 37. b6 Rb3 38. b7 f6 39. Bd5 Rb5 40.
Kc3 Kd6 41. Kxc2 Kxd5 42. Rf5+ 1-0

[Event "World Rapid 2019"]
[Site "Moscow RUS"]
[Date "2019.12.28"]
[Round "14.77"]
[White "Gajewski, Grzegorz"]
[Black "Makarian, Rudik"]
[Result "1-0"]
[WhiteTitle "GM"]
[BlackTitle "IM"]
[WhiteElo "2626"]
[BlackElo "2397"]
[WhiteFideId "1116207"]
[BlackFideId "44105681"]
[EventDate "2019.12.26"]

1. d4 Nf6 2. c4 g6 3. Nc3 Bg7 4. e4 d6 5. Nf3 O-O 6. Be2 e5 7. O-O Nc6 8. d5 Ne7
9. a4 Nd7 10. a5 h6 11. b4 f5 12. Nd2 h5 13. Ba3 f4 14. c5 g5 15. Nc4 Rf6 16.
Bxh5 Rh6 17. Bg4 Nf6 18. Be6+ Bxe6 19. dxe6 d5 20. Nxe5 Nxe4 21. Nxe4 dxe4 22.
Qxd8+ Rxd8 23. Nf7 Bxa1 24. Rxa1 Rd5 25. Nxh6+ Kg7 26. Ng4 Kg6 27. b5 c6 28. a6
bxa6 29. b6 axb6 30. cxb6 Nf5 31. Rb1 e3 32. fxe3 fxe3 33. Nxe3 1-0

[Event "World Rapid 2019"]
[Site "Moscow RUS"]
[Date "2019.12.28"]
[Round "14.78"]
[White "Santos Ruiz, Miguel"]
[Black "Tran, Tuan Minh"]
[Result "0-1"]
[WhiteTitle "GM"]
[BlackTitle "GM"]
[WhiteElo "2585"]
[BlackElo "2529"]
[WhiteFideId "22291482"]
[BlackFideId "12401820"]
[EventDate "2019.12.26"]

1. e4 c5 2. Nf3 d6 3. d4 cxd4 4. Nxd4 Nf6 5. Nc3 a6 6. g3 e5 7. Nde2 Be7 8. Bg2
O-O 9. a4 b6 10. O-O Bb7 11. Be3 Nbd7 12. Nd5 Nxd5 13. exd5 Rc8 14. Qd2 h6 15.
a5 b5 16. Rfc1 Bg5 17. Bxg5 Qxg5 18. Qxg5 hxg5 19. c4 bxc4 20. Ra4 Nc5 21. Raxc4
Nb3 22. Rxc8 Rxc8 23. Rxc8+ Bxc8 24. Nc3 f5 25. Bf1 Nxa5 26. b4 Nb3 27. b5 a5
28. b6 Kf8 29. Nb5 Ke7 30. Na7 Bb7 31. Bb5 Kd8 32. Nc6+ Kc8 33. Ne7+ Kb8 34.
Nxf5 Nd4 35. Nxd6 Nxb5 36. Nxb5 Bxd5 37. Nc3 Bf3 38. Kf1 Kb7 39. Ke1 Kxb6 40.
Kd2 g4 41. Ke3 Kc5 0-1

[Event "World Rapid 2019"]
[Site "Moscow RUS"]
[Date "2019.12.28"]
[Round "14.79"]
[White "Zarnicki, Pablo"]
[Black "Tsvetkov, Andrey"]
[Result "1-0"]
[WhiteTitle "GM"]
[BlackTitle "FM"]
[WhiteElo "2514"]
[BlackElo "2350"]
[WhiteFideId "100137"]
[BlackFideId "34139360"]
[EventDate "2019.12.26"]

1. e4 c5 2. Nf3 d6 3. Bb5+ Nd7 4. d4 cxd4 5. Qxd4 a6 6. Bxd7+ Bxd7 7. e5 dxe5 8.
Nxe5 Bf5 9. Qa4+ b5 10. Qb3 e6 11. a4 Qd4 12. Nf3 Qe4+ 13. Be3 bxa4 14. Qb6 Nf6
15. O-O Nd7 16. Qc7 Qxc2 17. Nc3 Bb4 18. Nd4 Qxb2 19. Nxa4 Ba5 20. Qxa5 Qb7 21.
Nxf5 exf5 22. Rab1 Qc6 23. Rfc1 1-0

[Event "World Rapid 2019"]
[Site "Moscow RUS"]
[Date "2019.12.28"]
[Round "14.80"]
[White "Krsnik Cohar, Ivan Vihor"]
[Black "Faizrakhmanov, Ramil"]
[Result "1-0"]
[WhiteTitle "FM"]
[BlackTitle "IM"]
[WhiteElo "2313"]
[BlackElo "2434"]
[WhiteFideId "14520044"]
[BlackFideId "24103209"]
[EventDate "2019.12.26"]

1. d4 Nf6 2. Bg5 d5 3. Nd2 Nbd7 4. e3 g6 5. Ngf3 Bg7 6. Bd3 O-O 7. O-O c5 8. c3
b6 9. Qe2 Bb7 10. Bh4 Re8 11. Ne5 Nxe5 12. dxe5 Nd7 13. f4 Qc7 14. Rad1 Nf8 15.
Bg3 e6 16. Nf3 Bc6 17. Bh4 Rab8 18. g4 b5 19. f5 exf5 20. gxf5 Bxe5 21. Nxe5
Rxe5 22. Bg3 Qe7 23. Qf2 Rb7 24. f6 Qe6 25. Bxe5 Qxe5 26. Qf4 Qxf4 27. Rxf4 Ne6
28. Rf2 c4 29. Bf1 Nc5 30. Rd4 Ne6 31. Rdd2 Nc5 32. Rf4 Ne6 33. Rh4 h5 34. Bg2
Nc7 35. e4 dxe4 36. Rd6 Be8 37. Rd8 Kf8 38. Rxe4 Rb6 39. Re7 1-0

[Event "World Rapid 2019"]
[Site "Moscow RUS"]
[Date "2019.12.28"]
[Round "14.81"]
[White "Atabayev, Saparmyrat"]
[Black "Pogosyan, Stefan"]
[Result "1-0"]
[WhiteTitle "IM"]
[BlackTitle "IM"]
[WhiteElo "2425"]
[BlackElo "2459"]
[WhiteFideId "14000571"]
[BlackFideId "34159867"]
[EventDate "2019.12.26"]

1. d4 f5 2. c4 d6 3. Nc3 Nf6 4. d5 g6 5. Nf3 Bg7 6. g3 O-O 7. Bg2 c6 8. O-O Qe8
9. Nd4 Bd7 10. Qb3 Na6 11. Qxb7 Nc5 12. Qc7 Rc8 13. Qa5 Nxd5 14. cxd5 Bxd4 15.
Bh6 Rf7 16. Rfd1 Be5 17. Rac1 cxd5 18. Bxd5 e6 19. Bg2 Bc6 20. Bxc6 Rxc6 21. b4
Bxc3 22. Rxc3 Ra6 23. Rxc5 Rxa5 24. Rxa5 Qb8 25. a3 Rb7 26. Bf4 Rb6 27. Be3 Rb7
28. Ra6 Rd7 29. Rd2 Qc7 30. b5 Qc4 31. a4 e5 32. Rd3 f4 33. Rxa7 Rd8 34. Bb6 Rc8
35. Rd1 Qxe2 36. Rf1 f3 37. Rc7 Ra8 38. Be3 Rxa4 39. b6 Rb4 40. Ra1 Ra4 41. Rac1
Rb4 42. Bh6 Qa6 43. Rg7+ Kh8 44. Rf7 Qa8 45. Rfc7 Kg8 46. Rc8+ Qxc8 47. Rxc8+
Kf7 48. Rf8+ Ke6 49. Rxf3 Rxb6 50. Rf8 Rb7 51. h4 Kd5 52. Kg2 Ke4 53. Re8 Kf5
54. Rd8 Ke6 55. Bf8 Rb6 56. Kh3 h5 57. Bh6 d5 58. Re8+ Kf5 59. Bg7 Ke4 60. Bxe5
Kf3 61. Rf8+ Ke2 62. Kg2 Re6 63. Bg7 1-0

[Event "World Rapid 2019"]
[Site "Moscow RUS"]
[Date "2019.12.28"]
[Round "14.82"]
[White "Kim, Alexey"]
[Black "Moiseenko, Vadim"]
[Result "1/2-1/2"]
[WhiteTitle "GM"]
[BlackTitle "GM"]
[WhiteElo "2464"]
[BlackElo "2526"]
[WhiteFideId "4129776"]
[BlackFideId "4123700"]
[EventDate "2019.12.26"]

1. e4 e5 2. Nf3 Nc6 3. Bc4 Nf6 4. d3 Be7 5. c3 O-O 6. Bb3 d6 7. Nbd2 Kh8 8. Nf1
Nh5 9. Ng3 Nf4 10. Bxf4 exf4 11. Ne2 f5 12. Qd2 fxe4 13. dxe4 Bg4 14. O-O-O Na5
15. Bc2 c6 16. b3 Qb6 17. Ned4 Bf6 18. h3 Bh5 19. Ne6 Bxf3 20. gxf3 Rf7 21. Qxd6
Bxc3 22. Nd8 Rf6 23. Qe7 Bb4 24. Qe8+ Rf8 25. Nf7+ Kg8 26. Nh6+ Kh8 27. Nf7+ Kg8
28. Nh6+ 1/2-1/2

[Event "World Rapid 2019"]
[Site "Moscow RUS"]
[Date "2019.12.28"]
[Round "14.83"]
[White "Kazhgaleyev, Murtas"]
[Black "Castellanos Rodriguez, Renier"]
[Result "1-0"]
[WhiteTitle "GM"]
[BlackTitle "IM"]
[WhiteElo "2569"]
[BlackElo "2474"]
[WhiteFideId "13700316"]
[BlackFideId "3404650"]
[EventDate "2019.12.26"]

1. d4 Nf6 2. c4 e6 3. Nc3 d5 4. Bg5 Nbd7 5. cxd5 exd5 6. e3 c6 7. Bd3 Bd6 8. Nf3
a6 9. O-O O-O 10. Qc2 h6 11. Bh4 Qc7 12. Rac1 Re8 13. Rfe1 Qb8 14. a3 Ng4 15.
Bg3 Bxg3 16. hxg3 Ndf6 17. b4 Qd6 18. Nd2 Bd7 19. Nf1 h5 20. f3 Nh6 21. Na4 Rad8
22. Nc5 Bc8 23. a4 Re7 24. Re2 Rde8 25. Qc3 Nf5 26. Bxf5 Bxf5 27. Rce1 Bg6 28.
Kf2 Qd8 29. Nd2 Qd6 30. Ndb3 Bf5 31. Nc1 g6 32. N5d3 Bxd3 33. Nxd3 Rd8 34. Qc5
Ne8 35. Rb1 Qf6 36. Qb6 Rd6 37. Nc5 Qf5 38. Rbe1 Qc8 39. Nd3 Rde6 40. Nf4 Rd6
41. Rc1 Qd7 42. Qc5 Nc7 43. Qc3 Ne6 44. Nxe6 Rdxe6 45. b5 axb5 46. axb5 Kh7 47.
Qb4 Qe8 48. bxc6 bxc6 49. Rc3 Qf8 50. Qa3 Qe8 51. Qc1 Rf6 52. Rec2 Ree6 53. Qh1
Kg7 54. Qb1 Qh8 55. Qc1 Qe8 56. Rb2 Qd8 57. Rbb3 g5 58. Qh1 Rh6 59. Rb7 Qd6 60.
Qh3 g4 61. Qh4 Rhg6 62. f4 1-0

[Event "World Rapid 2019"]
[Site "Moscow RUS"]
[Date "2019.12.28"]
[Round "14.84"]
[White "Batchuluun, Tsegmed"]
[Black "Tari, Aryan"]
[Result "1/2-1/2"]
[WhiteTitle "GM"]
[BlackTitle "GM"]
[WhiteElo "2530"]
[BlackElo "2634"]
[WhiteFideId "4900847"]
[BlackFideId "1510045"]
[EventDate "2019.12.26"]

1. d4 Nf6 2. c4 g6 3. Nc3 d5 4. Bf4 Bg7 5. e3 c5 6. dxc5 Qa5 7. Rc1 dxc4 8. Bxc4
O-O 9. Nf3 Qxc5 10. Bb3 Qa5 11. O-O Nc6 12. h3 Bf5 13. Qe2 Ne4 14. Nxe4 Bxe4 15.
Rfd1 h6 16. Nd2 Bf5 17. g4 g5 18. Nc4 Qb5 19. Bg3 Bg6 20. Bc2 Bxc2 21. Qxc2 Rac8
22. b3 Nb4 23. a4 Qa6 24. Qd2 Nc6 25. Qd5 Nb4 26. Qd2 Nc6 27. Qd5 Nb4 28. Qa5
Qxa5 29. Nxa5 b6 30. Rxc8 Rxc8 31. Nc4 Nc6 32. Rd7 Kf8 33. Kf1 Ke8 34. Rb7 Bc3
35. Ke2 Na5 36. Nxa5 Bxa5 37. Rxa7 Rc3 38. Ra8+ Kd7 39. Rh8 Rxb3 40. Rxh6 Ra3
41. Rh5 f6 42. f4 gxf4 43. Bxf4 Rxa4 44. g5 fxg5 45. Rxg5 Bc3 46. h4 Bf6 47. Rh5
Ra5 48. Bg5 Rc5 49. Rh6 Bxg5 50. hxg5 b5 51. g6 Rg5 52. Kf3 b4 53. Kf4 Rg1 54.
Kf5 Rf1+ 55. Kg5 Rg1+ 56. Kf5 Rf1+ 57. Ke5 Rg1 58. Kf5 Rf1+ 59. Ke5 Rg1 60. Kf5 1/2-1/2

[Event "World Rapid 2019"]
[Site "Moscow RUS"]
[Date "2019.12.28"]
[Round "14.85"]
[White "Sek, Konstantin"]
[Black "Gasanov, Eldar"]
[Result "0-1"]
[BlackTitle "GM"]
[WhiteElo "2446"]
[BlackElo "2481"]
[WhiteFideId "24104302"]
[BlackFideId "14104466"]
[EventDate "2019.12.26"]

1. e4 c5 2. Nf3 Nc6 3. Nc3 g6 4. Bb5 Bg7 5. Bxc6 bxc6 6. O-O e5 7. d3 d6 8. a3
a5 9. Rb1 Nf6 10. b4 cxb4 11. axb4 axb4 12. Rxb4 O-O 13. Be3 Ng4 14. Bb6 Qe7 15.
h3 Nf6 16. Rb1 c5 17. Nd2 Be6 18. Nc4 Rfb8 19. Rb2 Ra6 20. Bxc5 Rxb2 21. Bxd6
Rxd6 22. Nxb2 Qb7 23. Nba4 Nd7 24. Qd2 Ra6 25. Rb1 Qc6 26. Qg5 Bf6 27. Qh6 Bg7
28. Qg5 h6 29. Qd8+ Kh7 30. Rb4 Bf6 31. Qe8 Ra8 32. Rb6 Qxa4 33. Qxe6 Qa1+ 0-1

[Event "World Rapid 2019"]
[Site "Moscow RUS"]
[Date "2019.12.28"]
[Round "14.86"]
[White "Rozum, Ivan"]
[Black "Luukkonen, Tommi"]
[Result "1-0"]
[WhiteTitle "GM"]
[BlackTitle "FM"]
[WhiteElo "2573"]
[BlackElo "2290"]
[WhiteFideId "24104272"]
[BlackFideId "501808"]
[EventDate "2019.12.26"]

1. Nf3 c5 2. c4 Nc6 3. Nc3 g6 4. e3 Nf6 5. d4 cxd4 6. exd4 d5 7. cxd5 Nxd5 8.
Qb3 e6 9. Bg5 Be7 10. Bh6 Bf8 11. Bxf8 Kxf8 12. Bb5 Kg7 13. O-O Nce7 14. Rac1 a6
15. Bc4 Nf4 16. Ne2 Nxe2+ 17. Bxe2 b5 18. Qc3 Nd5 19. Qd2 Bb7 20. Ne5 f6 21. Nd3
Qd6 22. Nc5 Bc8 23. Bf3 Ra7 24. Rfe1 Re7 25. Re4 Rd8 26. Rce1 g5 27. g3 h6 28.
h4 Nb6 29. hxg5 hxg5 30. Qe2 f5 31. Re5 Kf6 32. g4 Nc4 33. b3 Na3 34. Qb2 Qxd4
35. Qxa3 Qf4 36. Qb2 Kf7 37. Qe2 fxg4 38. Bxg4 Rd2 39. Bh5+ Kg7 40. Qe3 Rxa2 41.
Rxg5+ 1-0

[Event "World Rapid 2019"]
[Site "Moscow RUS"]
[Date "2019.12.28"]
[Round "14.87"]
[White "Gutenev, Alexander"]
[Black "Reshetnikov, Alexey"]
[Result "1/2-1/2"]
[WhiteTitle "IM"]
[BlackTitle "IM"]
[WhiteElo "2469"]
[BlackElo "2492"]
[WhiteFideId "4195540"]
[BlackFideId "4162080"]
[EventDate "2019.12.26"]

1. e4 c5 2. Nc3 Nc6 3. Bb5 Nd4 4. Nf3 g6 5. O-O Bg7 6. Re1 Nxb5 7. Nxb5 d6 8. d4
Bd7 9. c4 Bxb5 10. cxb5 cxd4 11. Nxd4 Nf6 12. b3 O-O 13. Bb2 Qa5 14. a3 Nd7 15.
Re2 Rfc8 16. h3 Qb6 17. b4 Rc4 18. Rd2 Rac8 19. Kh2 Be5+ 20. g3 Bxd4 21. Rxd4
Qxb5 22. Rd5 Qc6 23. Qd3 Rc2 24. Bd4 Nf6 25. Bc5 Nxd5 26. exd5 Qa4 27. Bd4 Rc1
28. h4 Rxa1 29. Bxa1 Qc2 30. Qd4 f6 31. Qe3 Kf8 32. Bd4 Qf5 33. Qh6+ Kg8 34. Qe3
Kf7 35. Qh6 Qxd5 36. Qxh7+ Ke6 37. Be3 Qf5 38. Qg7 a6 39. a4 Qc2 40. a5 Rc3 41.
Qg8+ Kd7 42. Bb6 Rc8 43. Qd5 Rc6 44. Qg8 Qe4 45. Be3 Rc3 46. Qf7 Rc2 47. Qb3 Qc4
48. Qa4+ Qc6 49. Qb3 Qc4 50. Qa4+ Qc6 51. Qb3 Rc4 52. Qb1 f5 53. h5 Qf3 54. hxg6
Qh5+ 55. Kg2 Qxg6 56. b5 Qe6 57. bxa6 Qd5+ 58. Kh2 bxa6 59. Qb6 Rc8 60. Qa7+ Ke6
61. Bg5 Rh8+ 62. Bh4 Rxh4+ 63. gxh4 Qxa5 64. h5 f4 65. h6 Qh5+ 66. Kg2 Qxh6 67.
Qxa6 Qg5+ 68. Kf3 Kf6 69. Qa8 Kf7 70. Qa2+ Kf6 71. Qa1+ Qe5 72. Qa8 Kf7 73. Qa2+
d5 74. Qc2 Qh5+ 75. Kxf4 e5+ 76. Ke3 Qg5+ 77. Ke2 Qg4+ 78. Ke1 Qb4+ 79. Kd1 Qd4+
80. Ke1 Qb4+ 81. Kd1 Qg4+ 82. Ke1 Qb4+ 83. Kd1 Qd4+ 84. Ke1 Kf6 85. Qc8 Qb4+ 86.
Kd1 Qb1+ 87. Kd2 Qa2+ 88. Kd1 Qa4+ 89. Kd2 Qf4+ 90. Ke1 Qb4+ 91. Kd1 e4 92. Qh8+
Ke6 93. Qg8+ Ke5 94. Qg7+ Kf4 95. Qf7+ Ke5 96. Qg7+ Kf5 97. Qf7+ Ke5 98. Qg7+
Ke6 99. Qg8+ Ke5 100. Qg7+ 1/2-1/2

[Event "World Rapid 2019"]
[Site "Moscow RUS"]
[Date "2019.12.28"]
[Round "14.88"]
[White "Mamatov, Melis"]
[Black "Pigusov, Evgeny"]
[Result "1/2-1/2"]
[BlackTitle "GM"]
[WhiteElo "2292"]
[BlackElo "2555"]
[WhiteFideId "13800027"]
[BlackFideId "4100514"]
[EventDate "2019.12.26"]

1. e4 c5 2. Nc3 Nc6 3. f4 g6 4. Nf3 Bg7 5. g3 d6 6. Bg2 e6 7. O-O Nge7 8. d3 O-O
9. Ne2 b6 10. g4 f5 11. gxf5 exf5 12. c3 Kh8 13. Ng3 Rb8 14. Bd2 Ba6 15. Qc2
fxe4 16. Nxe4 Nf5 17. Neg5 Qd7 18. Rfe1 Rbe8 19. Ne4 Nce7 20. Ng3 Qb5 21. Bf1
Bb7 22. Ng5 Qc6 23. Re4 Qd7 24. Bh3 Ng8 25. Rae1 h6 26. Rxe8 Rxe8 27. Rxe8 Qxe8
28. N5e4 Nge7 29. Qd1 d5 30. Nxf5 Nxf5 31. Bxf5 gxf5 32. Ng3 d4 33. Qe2 Qc6 34.
Kf1 Qd7 35. c4 Qf7 36. Qh5 Qxh5 37. Nxh5 Bf8 38. Ng3 Bc8 39. Ke2 Kg7 40. Be1 Kg6
41. Bd2 Bb7 42. Kf2 Be7 43. a3 Bc6 44. Bc1 Ba4 45. Ke2 a5 46. Bd2 Bd8 47. b4 Bd7
48. b5 h5 49. Kf2 Bc8 50. Ne2 Bb7 51. Be1 Bc7 52. Kg3 h4+ 53. Kf2 Be4 54. dxe4
fxe4 55. Bd2 Kf5 56. h3 Bd6 57. a4 Bc7 58. Bc1 Bd8 59. Bd2 Bf6 60. Nc1 Bd8 61.
Nd3 exd3 62. Kf3 Be7 63. Bc1 Bf8 64. Bd2 Bd6 65. Bc1 Be7 66. Bd2 Bf6 67. Bc1 Bd8
68. Bd2 Bc7 69. Bc1 Bd6 70. Bd2 1/2-1/2

[Event "World Rapid 2019"]
[Site "Moscow RUS"]
[Date "2019.12.28"]
[Round "14.89"]
[White "Kazakouski, Valery"]
[Black "Afanasiev, Nikita"]
[Result "1-0"]
[WhiteTitle "IM"]
[BlackTitle "IM"]
[WhiteElo "2485"]
[BlackElo "2517"]
[WhiteFideId "13507443"]
[BlackFideId "24183555"]
[EventDate "2019.12.26"]

1. d4 Nf6 2. Nf3 g6 3. c4 Bg7 4. g3 O-O 5. Bg2 d5 6. cxd5 Nxd5 7. O-O Nb6 8. Nc3
Nc6 9. e3 Re8 10. Re1 e5 11. d5 Na5 12. e4 c6 13. b3 cxd5 14. exd5 Bg4 15. Ba3
Rc8 16. Rc1 e4 17. Nxe4 Rxc1 18. Qxc1 Nxd5 19. Qd2 h6 20. h3 Bf5 21. Nd6 Rxe1+
22. Qxe1 Be6 23. Ne5 Ne7 24. Ndxf7 Bxf7 25. Nxf7 Kxf7 26. Bxe7 Qxe7 27. Qxa5 b6
28. Qd5+ Qe6 29. Qb7+ Qe7 30. Bd5+ Kf6 31. Qc6+ Ke5 32. Be4 Qe6 33. f4+ Kf6 34.
Qxe6+ Kxe6 35. Bxg6 Kf6 36. Bh5 Bf8 37. Kg2 Ba3 38. h4 Bb4 39. Kf2 Bc5+ 40. Kf3
Bb4 41. g4 Be1 42. g5+ Kf5 43. Bg4+ Kg6 44. h5+ Kg7 45. Ke4 Bh4 46. Kf5 Bg3 47.
Be2 a5 48. Bc4 Bh2 49. Ke4 Bg3 50. Bb5 Bh2 51. Be8 Bg3 52. Bg6 Bh2 53. gxh6+
Kxh6 54. f5 Kg5 55. Kd5 Bg1 56. Ke5 Bc5 57. f6 Bb4 58. Ke6 Kh6 59. Kd7 Kg5 60.
f7 Kf6 61. Ke8 Kg7 62. Bd3 1-0

[Event "World Rapid 2019"]
[Site "Moscow RUS"]
[Date "2019.12.28"]
[Round "14.90"]
[White "Mikhailovsky, Vladimir"]
[Black "Deviatkin, Andrei"]
[Result "0-1"]
[WhiteTitle "CM"]
[BlackTitle "GM"]
[WhiteElo "2209"]
[BlackElo "2436"]
[WhiteFideId "34105414"]
[BlackFideId "4121260"]
[EventDate "2019.12.26"]

1. e4 c6 2. d4 d5 3. exd5 cxd5 4. c3 Nc6 5. Bd3 Nf6 6. h3 g6 7. Nf3 Bg7 8. O-O
Bf5 9. Bxf5 gxf5 10. Bf4 Ne4 11. Nbd2 e6 12. Nb3 O-O 13. Nc1 Ne7 14. Nd3 Ng6 15.
Bh2 Kh8 16. Qe2 Qe7 17. Nfe5 Nxe5 18. Nxe5 Qg5 19. f3 Ng3 20. Bxg3 Qxg3 21. f4
Bxe5 22. fxe5 Rg8 23. Rf3 Qh4 24. Kh2 Rg4 25. Qf2 Qh6 26. Rg3 Rxg3 27. Qxg3 Rg8
28. Qf2 Rg4 29. Re1 a6 30. a4 Kg7 31. a5 Kf8 32. b3 Re4 33. Rxe4 dxe4 34. c4 f4
35. b4 f3 36. d5 Qf4+ 37. Qg3 Qd2 38. d6 f2 39. Qh4 f1=Q 0-1

[Event "World Rapid 2019"]
[Site "Moscow RUS"]
[Date "2019.12.28"]
[Round "14.91"]
[White "Vavulin, Maxim"]
[Black "Glek, Igor"]
[Result "1-0"]
[WhiteTitle "GM"]
[BlackTitle "GM"]
[WhiteElo "2556"]
[BlackElo "2467"]
[WhiteFideId "4169530"]
[BlackFideId "4100484"]
[EventDate "2019.12.26"]

1. e4 e6 2. d4 d5 3. Bd3 c5 4. exd5 exd5 5. Nf3 c4 6. Be2 Bd6 7. b3 cxb3 8. axb3
Nc6 9. O-O Nge7 10. h3 O-O 11. c4 h6 12. Nc3 Be6 13. Bb2 Qd7 14. Ra4 Rad8 15.
Re1 Rfe8 16. Bf1 Bb8 17. c5 a6 18. b4 Ng6 19. Bc1 Bf5 20. Be3 Be4 21. b5 axb5
22. Bxb5 Qf5 23. Nxe4 dxe4 24. Nd2 h5 25. Nf1 Nf4 26. Ng3 Qg5 27. Bxf4 Qxf4 28.
d5 Qg5 29. Nxe4 Qe5 30. d6 g6 31. Ra1 Kg7 32. Qd2 f5 33. Ng5 Qf6 34. h4 Ba7 35.
Bxc6 Bxc5 36. Bxe8 Rxe8 37. Rxe8 1-0